Central Library OPAC University of Rajshahi

Vivarium life : (Record no. 15082)

MARC details
000 -LEADER
fixed length control field 00739cam a2200253u 4500
001 - CONTROL NUMBER
control field 15082
003 - CONTROL NUMBER IDENTIFIER
rucl marc code BD-RjUL
005 - DATE AND TIME OF LATEST TRANSACTION
control field 20211208235739.0
008 - FIXED-LENGTH DATA ELEMENTS--GENERAL INFORMATION
fixed length control field 140209s1961 enka 000 0 eng d
035 ## - SYSTEM CONTROL NUMBER
System control number (BD-RjUL)15136
040 ## - CATALOGING SOURCE
Original cataloging agency DLC
Transcribing agency CarP
Modifying agency DLC
-- WaU
-- (BD-RjUL)
Language of cataloging eng
041 ## - LANGUAGE CODE
Language code of text/sound track or separate title eng
082 00 - DEWEY DECIMAL CLASSIFICATION NUMBER
Edition number 19
Classification number 639.34
Author mark and year LEV 1961
100 1# - MAIN ENTRY--PERSONAL NAME
Personal name Leutscher, Alfred.
9 (RLIN) 39733
245 10 - TITLE STATEMENT
Title Vivarium life :
Remainder of title a manual on amphibians, reptiles & coldwater fish /
Statement of responsibility, etc. by Alfred Leutscher,
250 ## - EDITION STATEMENT
Edition statement 2nd ed.
260 ## - PUBLICATION, DISTRIBUTION, ETC. (IMPRINT)
Place of publication, distribution, etc. London :
Name of publisher, distributor, etc. Cleaver-Hume Press,
Date of publication, distribution, etc. 1961
300 ## - PHYSICAL DESCRIPTION
Pagination 252p. :
Illustrations illus. ;
Size 23 cm.
650 #0 - SUBJECT ADDED ENTRY--TOPICAL TERM
Topical term or geographic name as entry element Aquarium animals.
9 (RLIN) 46950
Topical term or geographic name as entry element Vivariums.
9 (RLIN) 46951
942 ## - ADDED ENTRY ELEMENTS (KOHA)
Source of classification or shelving scheme Dewey Decimal Classification
Koha item type Books
Holdings
Lost status Source of classification or shelving scheme Damaged status Not for loan Collection code Permanent Location Current Location Shelving location Date acquired Source of acquisition Cost, normal purchase price Total Checkouts Full call number Date last seen Copy number Koha item type
  Dewey Decimal Classification     Non-fiction Central Library, University of Rajshahi Central Library, University of Rajshahi   20/06/1981 Euraka book agency 100.00   639.34 LEV 1961 09/02/2014 C-2 Books
  Dewey Decimal Classification   Not For Loan Non-fiction Central Library, University of Rajshahi Central Library, University of Rajshahi Reading Room 12/09/1973 Standard Pub. Dhaka 48.75   639.34 LEV 1961 03/06/2017 C-1 Books
  Dewey Decimal Classification     Non-fiction Central Library, University of Rajshahi Central Library, University of Rajshahi   21/06/1981 Ureka Book, Rajshahi 100.00   639.34 LEV 1961 03/06/2017 C-3 Books